00446nam a2200133Ia 4500008004100000245008400041260004900125260000900174300001000183500001200193650001600205999001900221952007200240170224s9999 xx 000 0 und d aMoral expansiveness: Examining variability in the extension of the moral world. bJournal of Personality and Social Psychology c2016 a111:4 aOctober xPsychology. c316590d316590 001040aCLbCLd2017-02-24l0r2017-02-24 00:00:00w2017-02-24ySE